[Event "Hastings Masters 2010-11"]
[Site "Hastings ENG"]
[Date "2011.01.04"]
[Round "8.34"]
[White "Messam-Sparks, Lateefah"]
[Black "Barton, R Alan"]
[Result "1/2-1/2"]
[WhiteElo "1917"]
[BlackElo "2103"]
[WhiteFideId "470813"]
[BlackFideId "404233"]
[EventDate "2010.12.28"]

1. d4 d5 2. c4 c6 3. e3 Nf6 4. Nc3 a6 5. a3 b5 6. c5 a5 7. Bd2 a4 8. Bd3 g6 9.
Nge2 Bg7 10. Ng3 h5 11. h4 Nbd7 12. f4 e6 13. Nge2 Ng4 14. Ng1 f5 15. Nf3 Ba6
16. Qe2 Qc8 17. Nd1 Ndf6 18. Bb4 Bf8 19. Nf2 Kf7 20. g3 Kg7 21. Ng5 Be7 22. Nfh3
Re8 23. O-O Bd8 24. Qd2 Qd7 25. Rfe1 Bc7 26. Nf3 Bb7 27. Re2 Qd8 28. Ne1 Ne4 29.
Bxe4 dxe4 30. Nc2 Qd5 31. Bc3 Kh6 32. Nb4 Qd7 33. Ng5 Nf6 34. Qc2 Nd5 35. Be1
Kg7 36. Nh3 Qd8 37. Nxd5 exd5 38. Bb4 Ba5 39. Qc3 Bc7 40. Kg2 Qd7 41. Rf1 Bd8
42. Qe1 Bc8 43. Rh1 Qa7 44. Qc3 Re7 45. Ree1 Qa6 46. Ra1 Ba5 47. Ra2 Rea7 48.
Rha1 Qb7 49. Ng1 Bd8 50. Qe1 Bf6 51. Rd1 1/2-1/2

[Event "Hastings Masters 2010-11"]
[Site "Hastings ENG"]
[Date "2011.01.04"]
[Round "8.35"]
[White "Rolvaag, Birk Anders"]
[Black "Hegarty, Sarah N"]
[Result "0-1"]
[BlackTitle "WFM"]
[WhiteElo "1917"]
[BlackElo "2080"]
[WhiteFideId "1507753"]
[BlackFideId "2501465"]
[EventDate "2010.12.28"]

1. Nf3 Nf6 2. c4 g6 3. g3 Bg7 4. Bg2 O-O 5. Nc3 d5 6. cxd5 Nxd5 7. O-O e5 8.
Nxd5 Qxd5 9. d3 Qb5 10. Nd2 Be6 11. Ne4 c6 12. a4 Qb4 13. Bd2 Qe7 14. Rc1 Na6
15. Bc3 f5 16. Nd2 Rad8 17. Rb1 Nb4 18. b3 Nd5 19. Bb2 e4 20. Bxg7 Qxg7 21. Qe1
exd3 22. exd3 Rfe8 23. Nc4 Nc3 24. Rc1 Ne2+ 25. Qxe2 Bxc4 26. Qa2 Bxd3 27. Rfd1
Qf7 28. Qd2 Qf6 29. Qb4 Ba6 30. Rxd8 Qxd8 31. Bf1 Bxf1 32. Rxf1 Qe7 33. Qd4 b6
34. Rd1 Qe6 35. Qc3 f4 36. Rc1 fxg3 37. hxg3 Qd5 38. Qc2 c5 39. Rd1 Qe4 40. Qc3
Qe2 41. Rd2 Qe1+ 42. Kg2 Qe4+ 43. Kg1 Qg4 44. Qf6 Qf5 45. Qc3 Re1+ 46. Kg2 Qe4+
47. f3 Qe6 48. Rd8+ Kf7 49. Rd7+ Qxd7 50. Qxe1 Qd3 51. Qe5 Qc2+ 52. Kg1 Qxb3 53.
Qc7+ Kf6 54. Qd8+ Kg7 55. Qe7+ Qf7 56. Qe5+ Kg8 57. Qb8+ Qf8 58. Qxa7 Qxf3 59.
Qb8+ Kg7 60. Qc7+ Kh6 61. Qxb6 Qxg3+ 62. Kf1 Qf4+ 63. Kg2 Qxa4 64. Qxc5 Qg4+ 65.
Kh2 Qh5+ 66. Qxh5+ Kxh5 0-1

[Event "Hastings Masters 2010-11"]
[Site "Hastings ENG"]
[Date "2011.01.04"]
[Round "8.36"]
[White "Malhotra, Tarun"]
[Black "Spanton, Tim R"]
[Result "1/2-1/2"]
[WhiteElo "1913"]
[BlackElo "2030"]
[WhiteFideId "5020549"]
[BlackFideId "404802"]
[EventDate "2010.12.28"]

1. e4 e5 2. Nf3 Nc6 3. Bb5 Nf6 4. d3 Bc5 5. O-O d6 6. h3 Bd7 7. c3 O-O 8. Re1 a6
9. Ba4 Ne7 10. d4 exd4 11. cxd4 Bxa4 12. Qxa4 Bb6 13. Nc3 Qd7 14. Qb3 Nc6 15. d5
Nd4 16. Nxd4 Bxd4 17. Qc4 Ba7 18. Bg5 Ne8 19. Ne2 f5 20. Nd4 Bxd4 21. Qxd4 fxe4
22. Rxe4 Qf5 23. Be3 Nf6 24. Rf4 Qe5 25. Rd1 Qxd4 26. Rfxd4 Rfe8 27. Kf1 Re4 28.
R4d2 Rf8 29. b3 Nxd5 30. Rxd5 Rxe3 31. Rc1 Re7 32. Rd2 Rd8 33. g4 d5 34. Kg2 g5
35. Kg3 c6 36. h4 h6 37. hxg5 hxg5 38. f3 Kg7 39. Rd3 Re2 40. a4 Rde8 41. Rcc3
Rb2 42. f4 gxf4+ 43. Kxf4 Re4+ 44. Kf5 Rf2+ 45. Rf3 Rxf3+ 46. Rxf3 Re7 47. Rd3
b6 48. g5 Re8 49. Rh3 d4 50. g6 Rh8 51. Rg3 Rf8+ 52. Ke4 Rd8 53. b4 c5 54. bxc5
bxc5 55. Kd3 Kf6 56. Kc4 Rc8 57. a5 Kg7 58. Rg2 Rc6 59. Rb2 Rxg6 60. Kxc5 Rg5+
61. Kxd4 Rxa5 62. Kc4 Kf6 63. Rb4 Ra1 64. Kb3 Ke5 1/2-1/2

[Event "Hastings Masters 2010-11"]
[Site "Hastings ENG"]
[Date "2011.01.04"]
[Round "8.37"]
[White "Jaunooby, Ali R"]
[Black "Calvert, D Ian"]
[Result "1/2-1/2"]
[WhiteElo "2207"]
[BlackElo "1981"]
[WhiteFideId "413291"]
[BlackFideId "406368"]
[EventDate "2010.12.28"]

1. d4 d5 2. Nf3 Nf6 3. Bg5 Ne4 4. Bf4 c5 5. e3 Qb6 6. Qc1 cxd4 7. exd4 Nc6 8. c3
Bg4 9. Nbd2 Nxd2 10. Qxd2 e6 11. Be2 Be7 12. O-O O-O 13. Bd3 Bh5 14. Rfe1 Bg6
15. Bxg6 hxg6 16. Bg5 Qd8 17. Qe3 Qd7 18. Rad1 Rae8 19. Rd3 f6 20. Bf4 g5 21.
Bg3 Bd6 22. Bxd6 Qxd6 23. h4 g4 24. Nh2 f5 25. Qe2 Qe7 26. Re3 Nd8 27. g3 g5 28.
Nxg4 fxg4 29. Qxg4 Qf6 30. f4 Qf5 31. Qxg5+ Qxg5 32. hxg5 Re7 33. Re5 Rc7 34.
Kg2 b5 35. Kf3 b4 36. R5e3 bxc3 37. Rxc3 Rxc3+ 38. bxc3 Rf7 39. g4 Kg7 40. Re5
Rc7 41. Re3 Rf7 42. Kg3 Kg6 43. Rf3 Nc6 44. Re3 Nd8 45. Kf3 Rh7 46. Kg2 Rf7 47.
Kg3 Rc7 48. a3 Rf7 49. Kf3 Rh7 50. Ke2 Rh2+ 51. Kd3 Rf2 52. f5+ exf5 53. Re8 Nf7
54. gxf5+ Rxf5 55. Rg8+ Kh7 56. Ra8 Nxg5 57. Rxa7+ Kg6 58. Re7 Rf3+ 59. Re3
Rxe3+ 60. Kxe3 Kf5 61. a4 Ke6 62. Kd3 Kd6 63. c4 dxc4+ 64. Kxc4 Ne6 65. a5 Nc7 1/2-1/2

[Event "Hastings Masters 2010-11"]
[Site "Hastings ENG"]
[Date "2011.01.04"]
[Round "8.38"]
[White "Armstrong, Malcolm J"]
[Black "Rich, Mark C"]
[Result "1-0"]
[BlackTitle "CM"]
[WhiteElo "1957"]
[BlackElo "2145"]
[WhiteFideId "409049"]
[BlackFideId "406724"]
[EventDate "2010.12.28"]

1. d4 g6 2. e4 d6 3. c4 Bg7 4. Nc3 c5 5. d5 a6 6. h3 Nf6 7. Nf3 O-O 8. a4 e6 9.
Be2 exd5 10. exd5 Re8 11. O-O Nbd7 12. Bf4 Ne4 13. Nxe4 Rxe4 14. Bxd6 Qb6 15.
Bd3 Re8 16. Bg3 Qxb2 17. Rb1 Qc3 18. Rb3 Qa5 19. Rb1 Bc3 20. Qb3 Bb4 21. Rb2 Qd8
22. Bh4 f6 23. Re2 Rxe2 24. Bxe2 Qe7 25. Bd3 Nb6 26. Ra1 a5 27. Ra2 Bd7 28. Re2
Qf7 29. Qb2 Rf8 30. d6 Nc8 31. Be4 Be6 32. d7 Qxd7 33. Bxf6 Bxc4 34. Re3 Re8 35.
Ne5 Qd1+ 36. Kh2 Qd6 37. Qc2 Bf7 38. Rf3 Re6 39. Rd3 Qc7 40. Rd8+ Re8 41. Rxe8+
Bxe8 42. Bd5+ Kf8 43. Qc1 1-0

[Event "Hastings Masters 2010-11"]
[Site "Hastings ENG"]
[Date "2011.01.04"]
[Round "8.39"]
[White "De Coverly, Roger D"]
[Black "Quinn, Joseph R"]
[Result "1-0"]
[WhiteElo "2091"]
[BlackElo "1815"]
[WhiteFideId "405213"]
[BlackFideId "470899"]
[EventDate "2010.12.28"]

1. e4 e5 2. Nf3 Nc6 3. Bb5 a6 4. Ba4 Nf6 5. O-O Be7 6. Re1 b5 7. Bb3 O-O 8. d4
d6 9. c3 Bg4 10. d5 Na5 11. Bc2 Qc8 12. h3 Bd7 13. Nbd2 h6 14. Nf1 Nh7 15. Ng3
Qd8 16. Nf5 Bxf5 17. exf5 Ng5 18. Nxg5 Bxg5 19. Qg4 Bxc1 20. Raxc1 Qg5 21. Qxg5
hxg5 22. Bd3 Nb7 23. b4 Nd8 24. a4 Rb8 25. axb5 axb5 26. Ra1 c6 27. dxc6 Nxc6
28. Ra6 Rfc8 29. Be4 Ne7 30. Rxd6 Rxc3 31. Rd7 Kf8 32. Ra1 Rc4 33. Raa7 Re8 34.
Bd3 Rxb4 35. Rdb7 f6 36. g4 Nd5 37. Bxb5 Rc8 38. Rf7+ Kg8 39. Rxg7+ Kh8 40. Rh7+
Kg8 41. Rag7+ Kf8 42. Rf7+ Kg8 43. Bd7 Rc1+ 44. Kh2 Rbb1 45. Rfg7+ Kf8 46. Be6
Rh1+ 47. Kg3 Rhg1+ 48. Kf3 Rb3+ 49. Ke4 Nc3+ 50. Kd3 Nd5+ 51. Kc2 Rc3+ 52. Kb2 1-0

[Event "Hastings Masters 2010-11"]
[Site "Hastings ENG"]
[Date "2011.01.04"]
[Round "8.41"]
[White "Norinkeviciute, Rasa"]
[Black "Hoare, Amy"]
[Result "1-0"]
[WhiteTitle "WFM"]
[WhiteElo "2028"]
[BlackElo "1921"]
[WhiteFideId "12801925"]
[BlackFideId "418366"]
[EventDate "2010.12.28"]

1. e4 e5 2. Nf3 Nc6 3. Bb5 a6 4. Ba4 Nf6 5. O-O b5 6. Bb3 Bc5 7. c3 d6 8. d3 O-O
9. a4 Rb8 10. axb5 axb5 11. h3 h6 12. Re1 Re8 13. Nbd2 Bb6 14. Nf1 Ne7 15. d4
Ng6 16. Ng3 Bb7 17. Bc2 Qd7 18. b4 Qc6 19. d5 Qd7 20. Nf5 Rbd8 21. Qe2 c6 22. c4
cxd5 23. cxd5 Nf4 24. Bxf4 exf4 25. Qd2 Rc8 26. Bd3 Nh5 27. N3d4 g6 28. Bxb5 Qd8
29. Bxe8 gxf5 30. Nxf5 Qxe8 31. Nxd6 Qe7 32. Nxc8 Bxc8 33. Ra8 Qd7 34. Qc3 Bc7
35. Rc1 1-0

[Event "Hastings Masters 2010-11"]
[Site "Hastings ENG"]
[Date "2011.01.04"]
[Round "8.42"]
[White "Pickersgill, Adrian O"]
[Black "Dale, Hannah"]
[Result "1/2-1/2"]
[WhiteElo "2026"]
[BlackElo "1790"]
[WhiteFideId "404519"]
[BlackFideId "407755"]
[EventDate "2010.12.28"]

1. e4 e6 2. d4 d5 3. Nc3 Bb4 4. e5 c5 5. Bd2 Nc6 6. Nb5 Bxd2+ 7. Qxd2 Nxd4 8.
Nxd4 cxd4 9. f4 Ne7 10. Nf3 Qb6 11. O-O-O Bd7 12. Nxd4 O-O-O 13. Be2 Kb8 14.
Rhf1 Rc8 15. Rf3 a6 16. Rb3 Qa7 17. Qb4 Nc6 18. Qd6+ Rc7 19. Nxc6+ Bxc6 20. Qb4
Ka8 21. Qd4 Rhc8 22. Rc3 Qxd4 23. Rxd4 Bd7 24. Rxc7 Rxc7 25. a4 Ka7 26. Kd2 b5
27. a5 Be8 28. g3 f6 29. exf6 gxf6 30. Rd3 Bg6 31. Rc3 Kb7 32. Rxc7+ Kxc7 33. c3
Kd6 34. Ke3 Be8 35. b4 Bd7 36. Bh5 e5 37. Bd1 e4 38. Kd4 Be6 39. g4 h6 40. h4
Bf7 41. Be2 Be8 42. g5 fxg5 43. fxg5 h5 44. Bd1 1/2-1/2

[Event "Hastings Masters 2010-11"]
[Site "Hastings ENG"]
[Date "2011.01.04"]
[Round "8.43"]
[White "Campbell, Eoin"]
[Black "Lenier, Jude"]
[Result "0-1"]
[WhiteElo "1950"]
[BlackElo "2006"]
[WhiteFideId "2400740"]
[BlackFideId "470678"]
[EventDate "2010.12.28"]

1. Nf3 Nf6 2. c4 g6 3. g3 Bg7 4. Bg2 O-O 5. O-O d6 6. d4 c5 7. d5 e6 8. Nc3 exd5
9. cxd5 Na6 10. Nd2 Nc7 11. a4 b6 12. Nc4 Ba6 13. Nxd6 Qxd6 14. Bf4 Qd7 15. Bxc7
Qxc7 16. d6 Qd7 17. Bxa8 Rxa8 18. Qd2 Qh3 19. Nd5 Ng4 0-1

[Event "Hastings Masters 2010-11"]
[Site "Hastings ENG"]
[Date "2011.01.04"]
[Round "8.44"]
[White "Pleininger, Rudolf"]
[Black "Clayton, Tristan"]
[Result "0-1"]
[WhiteElo "1998"]
[BlackElo "1791"]
[WhiteFideId "1305999"]
[BlackFideId "416533"]
[EventDate "2010.12.28"]

1. e4 c6 2. d4 d5 3. exd5 cxd5 4. Bd3 Nc6 5. c3 Qc7 6. Nf3 Bg4 7. O-O Nf6 8. h3
Bh5 9. Nbd2 e6 10. Re1 Be7 11. Qc2 Bg6 12. Ne5 Nxe5 13. dxe5 Nd7 14. Nf3 a6 15.
a4 Bxd3 16. Qxd3 Nc5 17. Qd1 Ne4 18. Nd4 Bh4 19. g3 Be7 20. Nf3 O-O 21. a5 Bc5
22. Be3 Rac8 23. Bxc5 Qxc5 24. Qd4 Qb5 25. Ra2 Rc4 26. Qd1 Qc5 27. Qe2 Nxg3 28.
Qe3 Qxe3 29. Rxe3 Nf5 30. Re1 Rfc8 31. Nd2 R4c6 32. Rea1 Ne7 33. Ra4 Ng6 34. f4
Nh4 35. Rb4 Rb8 36. Nb3 Nf5 37. Kf2 b5 38. axb6 Rcxb6 39. Rxa6 Rxb4 40. cxb4 g6
41. Ra4 Rb5 42. Ke2 h6 43. Kd3 g5 44. fxg5 hxg5 45. Na1 Kg7 46. Nc2 f6 47. exf6+
Kxf6 48. Ra5 Rb8 49. Rc5 Rh8 50. Na3 Rxh3+ 51. Kc2 Ne3+ 52. Kb1 Rh1+ 53. Ka2 g4
54. Nc2 Nxc2 55. Rxc2 Rh7 56. Kb3 g3 57. b5 Rg7 58. Rg2 Kf5 59. b6 Kf4 60. Kb4
Kf3 0-1

[Event "Hastings Masters 2010-11"]
[Site "Hastings ENG"]
[Date "2011.01.04"]
[Round "8.45"]
[White "Webster, Richard J"]
[Black "Young, Mel J"]
[Result "1/2-1/2"]
[WhiteElo "1986"]
[BlackElo "1938"]
[WhiteFideId "409162"]
[BlackFideId "410357"]
[EventDate "2010.12.28"]

1. c4 b6 2. Nf3 e6 3. g3 Bb7 4. Bg2 f5 5. O-O Nf6 6. d3 Be7 7. b3 O-O 8. Bb2 Qe8
9. a3 d6 10. Qc2 e5 11. Nc3 Nbd7 12. Rad1 Qh5 13. Nd5 Nxd5 14. cxd5 Rac8 15. Ne1
Nf6 16. e4 fxe4 17. dxe4 Kh8 18. Nd3 c6 19. dxc6 Bxc6 20. Qb1 Bb5 21. Rd2 Rc7
22. Rc1 Rfc8 23. Rxc7 Rxc7 24. Nb4 Qe8 25. Rc2 Rxc2 26. Qxc2 Qd8 27. a4 Be8 28.
Qc1 h6 29. Qd1 Qc8 30. Bf3 Bf7 31. Qd3 Qe6 32. Bd1 Qc8 33. f3 Nd7 34. Nd5 Bxd5
35. exd5 Qc5+ 36. Kg2 Nf6 37. f4 Qxd5+ 38. Qxd5 Nxd5 39. Bf3 Ne3+ 40. Kf2 exf4
41. gxf4 Nf5 42. Be4 Bh4+ 43. Ke2 Ne7 44. Ba3 d5 45. Bxe7 Bxe7 46. Bxd5 g6 47.
Be4 Kg7 48. f5 gxf5 49. Bxf5 Kf6 50. Bd3 Ke5 51. Ba6 Kd4 1/2-1/2

[Event "Hastings Masters 2010-11"]
[Site "Hastings ENG"]
[Date "2011.01.04"]
[Round "8.46"]
[White "Dunlop, Neil J"]
[Black "Jelsen, Yemi"]
[Result "0-1"]
[WhiteElo "1923"]
[BlackElo "1967"]
[WhiteFideId "417599"]
[BlackFideId "7101406"]
[EventDate "2010.12.28"]

1. e4 c5 2. Nc3 d6 3. g3 g6 4. Bg2 Bg7 5. d3 Nc6 6. Be3 e6 7. Qd2 Nge7 8. Bh6
O-O 9. h4 f6 10. Bxg7 Kxg7 11. h5 g5 12. h6+ Kh8 13. O-O-O Rb8 14. f4 g4 15. Re1
b5 16. Rh4 Rg8 17. Qd1 f5 18. exf5 exf5 19. Nd5 Rg6 20. Nxe7 Nxe7 21. d4 c4 22.
d5 Kg8 23. Qd4 a5 24. Qe3 Kf7 25. Ne2 Bb7 26. Nd4 Qd7 27. Qe6+ Qxe6 28. Nxe6
Nxd5 29. Ng5+ Kg8 30. Bxd5+ Bxd5 31. Re7 Rf8 32. Nxh7 Rf7 33. Nf6+ Rgxf6 34. h7+
Kh8 0-1

[Event "Hastings Masters 2010-11"]
[Site "Hastings ENG"]
[Date "2011.01.05"]
[Round "9.23"]
[White "Helbig, Paul D"]
[Black "Britton, Richard L"]
[Result "1-0"]
[BlackTitle "FM"]
[WhiteElo "2115"]
[BlackElo "2229"]
[WhiteFideId "401900"]
[BlackFideId "401692"]
[EventDate "2010.12.28"]

1. e4 c5 2. Nc3 e6 3. g3 Nc6 4. Bg2 Nge7 5. Nge2 d6 6. O-O Rb8 7. d4 Nxd4 8.
Nxd4 cxd4 9. Qxd4 Nc6 10. Qd3 Be7 11. Bf4 O-O 12. Rfd1 Qb6 13. Qb5 Qc7 14. Qc4
Qb6 15. Bxd6 Bxd6 16. Rxd6 Qxb2 17. Rb1 Qxc2 18. Rxc6 Bd7 19. Rc7 b5 20. Qb3 1-0

[Event "Hastings Masters 2010-11"]
[Site "Hastings ENG"]
[Date "2011.01.05"]
[Round "9.24"]
[White "Snape, Ian L"]
[Black "Coates, David H"]
[Result "1-0"]
[WhiteElo "2228"]
[BlackElo "2067"]
[WhiteFideId "404489"]
[BlackFideId "468606"]
[EventDate "2010.12.28"]

1. e4 e6 2. d4 d5 3. Nc3 Bb4 4. e5 c5 5. a3 Bxc3+ 6. bxc3 Ne7 7. Qg4 O-O 8. Bd3
Nbc6 9. Bg5 Qa5 10. Ne2 cxd4 11. f4 dxc3 12. O-O Ng6 13. Qh5 Re8 14. Rf3 Nce7
15. Rh3 h6 16. Bxh6 gxh6 17. Qxh6 Qc5+ 18. Kh1 Qf2 19. Ng3 Qxf4 20. Qh7+ Kf8 21.
Rf1 1-0

[Event "Hastings Masters 2010-11"]
[Site "Hastings ENG"]
[Date "2011.01.05"]
[Round "9.25"]
[White "Sreeves, Clement"]
[Black "Grant, Alan G"]
[Result "1-0"]
[WhiteElo "2104"]
[BlackElo "2219"]
[WhiteFideId "2402564"]
[BlackFideId "2400723"]
[EventDate "2010.12.28"]

1. e4 c6 2. d4 d5 3. Nc3 dxe4 4. Nxe4 Bf5 5. Ng3 Bg6 6. h4 h6 7. Nf3 Nd7 8. h5
Bh7 9. Bd3 Bxd3 10. Qxd3 e6 11. Bd2 Qc7 12. O-O-O Ngf6 13. Ne4 O-O-O 14. g3 Nxe4
15. Qxe4 Bd6 16. c4 c5 17. Bc3 cxd4 18. Rxd4 Nf6 19. Qe2 Qc6 20. Rhh4 Qa6 21.
Kb1 Nd5 22. Be1 Ne7 23. Rd3 Nf5 24. Re4 Bc7 25. Ra3 Qc6 26. Rxa7 Kb8 27. Ra3
Rd1+ 28. Qxd1 Qxe4+ 29. Qc2 Nd6 30. c5 Qxc2+ 31. Kxc2 Ne4 32. b4 Rd8 33. Rd3
Rxd3 34. Kxd3 Nf6 35. b5 Nxh5 36. b6 Bd8 37. Kc4 Be7 38. Kb5 Nf6 39. c6 bxc6+
40. Kxc6 Nd5 41. Ne5 1-0

[Event "Hastings Masters 2010-11"]
[Site "Hastings ENG"]
[Date "2011.01.05"]
[Round "9.26"]
[White "Hegarty, Sarah N"]
[Black "Franklin, Samuel G A"]
[Result "1/2-1/2"]
[WhiteTitle "WFM"]
[WhiteElo "2080"]
[BlackElo "2185"]
[WhiteFideId "2501465"]
[BlackFideId "468576"]
[EventDate "2010.12.28"]

1. e4 c5 2. Nf3 d6 3. d4 cxd4 4. Nxd4 Nf6 5. Nc3 g6 6. Be3 Bg7 7. f3 Nc6 8. Qd2
O-O 9. O-O-O d5 10. Kb1 Rb8 11. Nb3 dxe4 12. Qxd8 Rxd8 13. Rxd8+ Nxd8 14. Bxa7
Ra8 15. Bb6 Bf5 16. fxe4 Nxe4 17. Nd5 Nc6 18. Bb5 e5 19. Re1 Nd6 20. Bxc6 bxc6
21. Ne7+ Kh8 22. Bc5 Ne4 23. Bb4 Nf6 24. Nxf5 gxf5 25. Bc3 Ne4 26. Bb4 Nf6 1/2-1/2

[Event "Hastings Masters 2010-11"]
[Site "Hastings ENG"]
[Date "2011.01.05"]
[Round "9.27"]
[White "Royset, Paal"]
[Black "Chkartina, Gerhana"]
[Result "0-1"]
[WhiteElo "2171"]
[BlackElo "2014"]
[WhiteFideId "1501330"]
[BlackFideId "7101511"]
[EventDate "2010.12.28"]

1. e4 d6 2. d4 Nf6 3. Nc3 g6 4. Nf3 Bg7 5. Be2 O-O 6. O-O c6 7. a4 Qc7 8. h3
Nbd7 9. Be3 e5 10. dxe5 Nxe5 11. Qd2 Nxf3+ 12. Bxf3 Be6 13. Bf4 Rfd8 14. Rfd1
Ne8 15. a5 Rd7 16. Qe3 Qd8 17. Ra4 Be5 18. Bg5 Bf6 19. h4 Bxg5 20. hxg5 f6 21.
gxf6 Qxf6 22. e5 dxe5 23. Rxd7 Bxd7 24. Ne4 Qe7 25. Nc5 Nd6 26. Nxd7 Qxd7 27.
Qxe5 Re8 28. Qd4 Re1+ 29. Kh2 Qc7 30. g3 a6 31. Qc3 Qe7 32. Rd4 Re6 33. Qd2 Rf6
34. Kg2 Qf8 35. Rd3 Kg7 36. Qc3 Kg8 37. Qc5 Nf5 38. Qb6 Nd6 39. b3 Kg7 40. c4
Qf7 41. Qd8 Qf8 42. Qc7+ Kh6 43. Qd7 Nf7 44. Qh3+ Kg7 45. Rd7 Kg8 46. Rc7 Ng5
47. Qg4 Rf5 48. Be2 Rxf2+ 49. Kg1 Rf5 50. Rxb7 Qc5+ 51. Kh1 Qf2 52. Rb8+ Kg7 53.
Rb7+ Kf6 0-1

[Event "Hastings Masters 2010-11"]
[Site "Hastings ENG"]
[Date "2011.01.05"]
[Round "9.28"]
[White "Kurka, Dieter"]
[Black "Williams, Peter A"]
[Result "1/2-1/2"]
[WhiteElo "2040"]
[BlackElo "2179"]
[WhiteFideId "12902047"]
[BlackFideId "2275740"]
[EventDate "2010.12.28"]

1. d4 d5 2. Nf3 Nf6 3. Bf4 Bf5 4. e3 e6 5. Be2 Be7 6. O-O O-O 7. h3 h6 8. c4 c6
9. Nc3 Nbd7 10. Rc1 Re8 11. Re1 Ne4 12. a3 Bf8 13. Ne5 Bh7 14. Bd3 Nxe5 15. Bxe5
Nxc3 1/2-1/2

[Event "Hastings Masters 2010-11"]
[Site "Hastings ENG"]
[Date "2011.01.05"]
[Round "9.30"]
[White "Sugden, John N"]
[Black "Norinkeviciute, Rasa"]
[Result "1/2-1/2"]
[BlackTitle "WFM"]
[WhiteElo "2193"]
[BlackElo "2028"]
[WhiteFideId "402001"]
[BlackFideId "12801925"]
[EventDate "2010.12.28"]

1. e4 c5 2. Nc3 d6 3. g3 g6 4. Bg2 Bg7 5. d3 Nc6 6. f4 Rb8 7. Nf3 b5 8. O-O b4
9. Ne2 Nd4 10. Nexd4 cxd4 11. a3 a5 12. axb4 axb4 13. Bd2 Qb6 14. Ra4 Qc5 15. e5
Bd7 16. Ra1 e6 17. exd6 Nf6 18. Ne5 O-O 19. Nc4 Nd5 20. Qe2 Rb5 21. b3 Bc6 22.
Kh1 Rc8 23. Ra2 1/2-1/2

[Event "Hastings Masters 2010-11"]
[Site "Hastings ENG"]
[Date "2011.01.05"]
[Round "9.31"]
[White "Lenier, Jude"]
[Black "Marzano, Carlo"]
[Result "0-1"]
[WhiteElo "2006"]
[BlackElo "2160"]
[WhiteFideId "470678"]
[BlackFideId "802980"]
[EventDate "2010.12.28"]

1. e4 Nc6 2. d4 d5 3. e5 f6 4. f4 Nh6 5. c3 Bf5 6. Nf3 e6 7. Be2 Qd7 8. a3 Be4
9. O-O Be7 10. Nbd2 f5 11. Nxe4 fxe4 12. Ng5 O-O-O 13. Nh3 Rdf8 14. b4 Nd8 15.
a4 Nf5 16. Bb5 c6 17. Be2 h6 18. b5 c5 19. g4 Nh4 20. Ba3 c4 21. Bxe7 Qxe7 22.
Qe1 Kb8 23. Qg3 g5 24. Rf2 Rhg8 25. Raf1 Nf5 26. gxf5 gxf4 27. Nxf4 Rxg3+ 28.
hxg3 Rxf5 29. g4 Rg5 30. Nh5 Rg8 31. Nf6 Rh8 32. Rh2 Nf7 33. Bd1 Ng5 34. Rg2 Qa3
35. Rg3 Nf3+ 36. Bxf3 Qxc3 37. Kh2 exf3 38. Rgxf3 Qxd4 39. Nd7+ Kc8 40. Rf7 Qxg4 0-1

[Event "Hastings Masters 2010-11"]
[Site "Hastings ENG"]
[Date "2011.01.05"]
[Round "9.32"]
[White "Almond, Richard J"]
[Black "Armstrong, Malcolm J"]
[Result "0-1"]
[WhiteElo "2145"]
[BlackElo "1957"]
[WhiteFideId "404179"]
[BlackFideId "409049"]
[EventDate "2010.12.28"]

1. d4 e6 2. c4 Bb4+ 3. Bd2 Bxd2+ 4. Nxd2 d5 5. e4 dxe4 6. Nxe4 Nf6 7. Nc3 O-O 8.
Nf3 b6 9. Qc2 Bb7 10. Be2 Nbd7 11. Rd1 c6 12. O-O Qc7 13. Qc1 Rad8 14. Qe3 Rfe8
15. Ne5 c5 16. Nb5 Qb8 17. f4 a6 18. Nc3 Qc7 19. Kh1 cxd4 20. Rxd4 Nxe5 21. fxe5
Rxd4 22. Qxd4 Nd7 23. Qd6 Qxd6 24. exd6 Bc6 25. b4 Rd8 26. Rd1 Ne5 27. Kg1 f5
28. c5 bxc5 29. bxc5 Nd7 30. Rc1 Kf7 31. Nd1 a5 32. Bf3 Rc8 33. Be2 Bd5 34. Bb5
Rxc5 35. Rxc5 Nxc5 36. Nc3 Ne4 37. d7 Ke7 38. Nxd5+ exd5 39. Bc6 Nf6 40. Kf2 d4
41. Kf3 g5 42. Ba4 Nxd7 43. Bc2 Kf6 44. h3 h6 45. g3 Ne5+ 46. Kf2 f4 47. h4
fxg3+ 48. Kxg3 gxh4+ 49. Kxh4 d3 50. Bb3 Kf5 51. Kg3 Ke4 52. Kf2 Ng4+ 53. Kg3 h5
54. Bd1 Ke3 55. Kh4 Nf2 56. Bxh5 d2 57. Kg5 d1=Q 58. Bxd1 Nxd1 59. Kf5 Kd4 60.
Ke6 Nc3 61. a3 Kc4 62. Kd6 a4 0-1

[Event "Hastings Masters 2010-11"]
[Site "Hastings ENG"]
[Date "2011.01.05"]
[Round "9.35"]
[White "Barton, R Alan"]
[Black "Simon, Thomas"]
[Result "1-0"]
[WhiteElo "2103"]
[BlackElo "1971"]
[WhiteFideId "404233"]
[BlackFideId "24645990"]
[EventDate "2010.12.28"]

1. d4 Nf6 2. g4 Nxg4 3. e4 Nf6 4. Nc3 d5 5. Bf4 Nxe4 6. Nxe4 dxe4 7. Qd2 e6 8.
Bg2 Bd6 9. Ne2 f5 10. O-O-O O-O 11. h4 Nd7 12. f3 e3 13. Qxe3 Nf6 14. Be5 Nd5
15. Qb3 Bxe5 16. dxe5 Qe7 17. f4 c6 18. c4 Qc5 19. Rd4 a5 20. Kb1 a4 21. Qg3 Nb6
22. Rg1 Qe7 23. a3 c5 24. Rd3 Bd7 25. Qf2 Bc6 26. Nc3 Nxc4 27. Rg3 Rf7 28. Qe2
Nb6 29. Nb5 Bxb5 30. Qxb5 Qc7 31. Rd3 Raf8 32. Rgd1 h6 33. Rd6 Nd5 34. Bxd5 exd5
35. R6xd5 Qe7 36. h5 Qh4 37. Qxa4 b5 38. Qxb5 Qxf4 39. Qxc5 Qe4+ 40. Qc2 Rc7 41.
Qxe4 fxe4 42. e6 Re7 43. Re5 Rfe8 44. Rd6 g5 45. hxg6 Kg7 46. Rxe4 Kxg6 47. Kc2
Kf5 48. Kd3 Rh8 49. Kd4 h5 50. Kd5 h4 51. Rd7 Rxd7+ 52. exd7 Rd8 53. Re7 Kf6 54.
Kd6 1-0

[Event "Hastings Masters 2010-11"]
[Site "Hastings ENG"]
[Date "2011.01.05"]
[Round "9.36"]
[White "De Coverly, Roger D"]
[Black "Messam-Sparks, Lateefah"]
[Result "1-0"]
[WhiteElo "2091"]
[BlackElo "1917"]
[WhiteFideId "405213"]
[BlackFideId "470813"]
[EventDate "2010.12.28"]

1. e4 c5 2. Nf3 d6 3. d4 cxd4 4. Nxd4 Nf6 5. Nc3 e6 6. f4 Be7 7. Be2 Nc6 8. Be3
a6 9. a4 Bd7 10. Nb3 Na5 11. Nxa5 Qxa5 12. O-O O-O 13. Qe1 Kh8 14. Qg3 Bc6 15.
Bd3 e5 16. fxe5 dxe5 17. Kh1 Nd7 18. Qh3 Nc5 19. Bxc5 Qxc5 20. Qh5 f6 21. Nd5
Be8 22. Qe2 Bf7 23. Ne3 Be6 24. Nf5 Rac8 25. b4 Qc7 26. Rab1 Rf7 27. Ne3 Rd8 28.
c4 Bf8 29. Nd5 Qd7 30. a5 Bxd5 31. exd5 g6 32. c5 Bg7 33. d6 f5 34. b5 axb5 35.
Bxb5 Qc8 36. Qc4 Rff8 37. a6 Qa8 38. axb7 Qxb7 39. c6 Qa8 40. d7 e4 41. c7 1-0